Score 0/28 Timer 05:00
0 Plays Today
Season Game % Correct
1Halo 3
83.3%
1Halo 3
83.3%
1Rock Band 2
66.7%
1Rock Band 2
66.7%
2Mario Kart Wii
50%
2NHL 10
50%
2Halo: Reach
50%
1Virtua Fighter 5
33.3%
1Project Gotham Racing 4
33.3%
1NBA Live 09
33.3%
1Project Gotham Racing 4
33.3%
2Tekken 6
33.3%
2Wii Sports Resort
33.3%
2Battlefield: Bad Company 2
33.3%
Season Game % Correct
2Pac-Man
33.3%
2Splinter Cell: Conviction
33.3%
2Green Day: Rock Band
33.3%
1Dance Dance Revolution Universe 3
16.7%
1Asphalt 4
16.7%
1Shaun White Snowboarding
16.7%
1Gears of War 2
16.7%
1Soul Calibur 4
16.7%
2Forza Motorsport 3
16.7%
2WWE SmackDown vs. Raw 2010
16.7%
2Invincible Tiger: The Legend of Han Tao
16.7%
2Forza Motorsport 3
16.7%
2Tron: Evolution
16.7%
2BlazBlue: Continuum Shift
16.7%
Remove Ads.
Support Sporcle.
Get the best of Sporcle when you Go Orange. This ad-free experience offers more features, more stats, and more fun while also helping to support Sporcle. Thank you for becoming a member.

You're not logged in!

Compare scores with friends on all Sporcle quizzes.
OR
Log In

Show Comments

Extras

Created Dec 16, 2014ReportNominate
Tags:genre, season, ultimate

Top Quizzes Today


Score Distribution

Your Account Isn't Verified!

In order to create a playlist on Sporcle, you need to verify the email address you used during registration. Go to your Sporcle Settings to finish the process.

Report this User

Report this user for behavior that violates our Community Guidelines.

Details: